000 01532cam a22004454a 4500
001 10006
003 FISKH
005 20260325153427.0
008 000822s2001 nyua c 001 0 eng
010 _a 00108171
020 _a0688177972
020 _a0688177263
_qpbk.
020 _a9780688177973
020 _a9780688177263
_q(pbk.)
035 _a12151183
040 _aDLC
_cDLC
_dDLC
_beng
050 0 0 _aTT174
_b.P56 2001
082 0 0 _a745.592
_222
100 1 _aPinchuk, Amy.
245 1 0 _aMake amazing toy and game gadgets /
_cAmy Pinchuk ; illustrated by Allan Moon and Tina Holdcroft.
260 _aNew York :
_bScholastic
_c2000.
300 _a64 pages :
_bcolor illustrations ;
_c28 cm
336 _atext
_btxt
_2rdacontent
337 _aunmediated
_bn
_2rdamedia
338 _avolume
_bnc
_2rdacarrier
490 1 _aPopular mechanics for kids
500 _aIncludes index.
520 _aProvides easy-to-follow instructions for creating a light box, blinking jewelry, spy camera, and other electric gadgets.
650 0 _aToy making
_vJuvenile literature.
650 1 _aElectric apparatus and appliances.
650 1 _aElectricity.
650 1 _aHandicraft.
655 7 _aLiterature.
_2lcgft
_0https://id.loc.gov/authorities/genreForms/gf2014026415
700 1 _aMoon, Allan,
_eillustrator
700 1 _aHoldcroft, Tina,
_eillustrator
830 0 _aPopular mechanics for kids (New York, N.Y.)
906 _a7
_bcbc
_corignew
_d2
_eepcn
_f19
_gy-gencatlg
942 _2ddc
_cBK
_n0
999 _c10006
_d10006